• 首页
  • 本馆介绍
  • 公告通知
  • 最新文献
  • 馆藏检索
  • 电子资源
  • 读者导购
  • 参考咨询
  • 我的图书馆
  • 登录
  • 详细信息显示
  • 放入我的书架
  • 预约/预借图书
  • 作者相关作品
  • 分类相关作品
  • 丛书相关作品
  • 出版社相关作品

书目信息

  • 表格格式
  • 工作单格式
  • 卡片格式
题名:
分析化学实验
    
 
作者: 王慕华 , 沈秋仙 主编
分册:  
出版信息: 大连   大连海事大学出版社  2013
页数: 166页
开本: 26cm
丛书名:
单 册:
中图分类: O652.1
科图分类:
主题词: 分析化学--化学实验--高等学校--教材
电子资源:
ISBN: 978-7-5632-2900-0
000 00915nam0 2200241 450
001 0102997779
005 20131214125102.0
010    @a978-7-5632-2900-0@dCNY33.00
100    @a20131101d2013 em y0chiy0120 ea
101 0  @achi
102    @aCN@b210000
105    @aa z 000yy
106    @ar
200 1  @a分析化学实验@9Fen Xi Hua Xue Shi Yan @f王慕华,沈秋仙主编@b专著
210    @a大连@c大连海事大学出版社@d2013
215    @a166页@c图@d26cm
330    @a本书包括分析化学实验的基础知识、实验内容,其中实验内容为二十五个实验,包括分析天平称量练习与滴定分析基本操作练习、食用白醋中HAC浓度的测定、工业纯碱总碱度测定、EDTA的配制和标定、天然水硬度的测定等。
606 0  @a分析化学@x化学实验@x高等学校@j教材
690    @aO652.1@v5
701  0 @a王慕华@c(女,@f1978~)@9wang mu hua@4主编
701  0 @a沈秋仙@c(女,@f1964~)@9shen qiu xian@4主编
801  0 @aCN@bZL@c20131028
905    @aBZT@dO652.1@e12@f1@sO652.1/12
    
    分析化学实验/王慕华,沈秋仙主编.-大连:大连海事大学出版社,2013
    166页:图;26cm
    
    
    ISBN 978-7-5632-2900-0:CNY33.00
    本书包括分析化学实验的基础知识、实验内容,其中实验内容为二十五个实验,包括分析天平称量练习与滴定分析基本操作练习、食用白醋中HAC浓度的测定、工业纯碱总碱度测定、EDTA的配制和标定、天然水硬度的测定等。
●
相关链接 在五车中查询图书 在当当中查询图书 在豆瓣中查询图书


正题名:分析化学实验     索取号:O652.1/12         预约/预借

序号 登录号 条形码 馆藏地/架位号 状态 备注
1 2000029796   2000029796   旧书回溯/ [索取号:O652.1/12] 在馆    
山东省滨州职业学院图书馆 欢迎您!
大连网信软件有限公司© 版权所有